| 000 | 02469nam a2200301 c 4500 | ||
|---|---|---|---|
| 999 |
_c345855 _d345855 |
||
| 003 | BLK | ||
| 005 | 20191007125224.0 | ||
| 008 | 180911b bul|||||r ||||||| ||bul|| | ||
| 010 | _a003975 | ||
| 040 | _aBLK | ||
| 041 |
_aSER _cBUL |
||
| 080 | _z886.1-1(081) | ||
| 100 | 1 |
_aКАРАДЖИЧ, Вук _eпърви автор _9396880 |
|
| 245 | 0 | 0 |
_aСрпске народне пjесме : Кн 1 - 9 _nКн. 8 _pУ коjoj су пjесме jуначке новиjех времена о воjевьньу за слободу и о воjевьньу црногораца |
| 260 |
_aБеоград _bШтамп. краль. Србиjе _c1891 - |
||
| 300 | _c23 см | ||
| 380 | _aX | ||
| 490 | _aВукова дjела | ||
| 490 |
_aЧастна колекция - Академик Михаил Арнаудов _gДарение - Основен фонд |
||
| 655 |
_aсръбска литература _9397241 |
||
| 700 | 1 |
_aВук Стеф. Караджич _9399212 |
|
| 760 |
_aКАРАДЖИЧ, Вук _d1900 _hХ, 579 с. |
||
| 852 | _aМА 2742 | ||
| 942 |
_cKNG _n0 _s1 |
||
| 944 |
_aCR _c1997 _kValK |
||
| 999 | _d345853 | ||
| 999 | _d345852 | ||
| 999 | _d344310 | ||
| 999 | _d344310 | ||
| 999 | _d344310 | ||
| 999 | _d344310 | ||